Ciencia y entendimiento común

Saved in:
Bibliografiske detaljer
Hovedforfatter: Oppenheimer, Julius Robert (autor)
Format: Bog
Sprog:spansk
Udgivet: Buenos Aires Galatea Nueva Visión 1957
Udgivelse:1a. ed
Serier:Ideas de Nuestro Tiempo, 11
Fag:
Tags: Tilføj Tag
Ingen Tags, Vær først til at tagge denne postø!

MARC

LEADER 00000cam a2200000 a 4500
001 UCV8138
003 CL-VaPUC
008 900809e19570000AG |||||||||||||||||spa|d
082 0 4 |a 502  |b OPP  |2 21 
100 |a Oppenheimer, Julius Robert  |e autor  |9 302206 
245 1 0 |a Ciencia y entendimiento común 
250 |a 1a. ed 
300 |a 134 p 
942 |c BK 
945 |d 19900809 00:00:00 
260 |a Buenos Aires  |b Galatea Nueva Visión  |c 1957 
650 0 |a Ciencia  |9 255691 
583 |a last modification  |c 20190402 08:41:20  |k Rodrigo Vera 
490 0 |a Ideas de Nuestro Tiempo, 11 
999 |c 213698  |d 213696 
952 |0 0  |1 0  |3 erb  |4 0  |6 502_000000000000000_OPP_1957  |7 0  |8 A  |9 196347  |a BIBEDU  |b BIBEDU  |i 5470560  |o 502 OPP 1957  |p 5470560  |r 2019-11-14  |w 2019-11-14  |y BK  |z Catalogado en:20180527  |k FIL